000 00924nam a2200265 a 4500
001 70241
003 BD-RjUL
005 20211209081958.0
008 170416s1960 us a 101 0 eng d
035 _a(BD-RjUL)70455
040 _aBD-RjUL
_beng
_cBD-RjUL
_dBD-RjUL
041 _aeng
082 _223
_a511.6
_bCOM 1960
245 1 0 _aCombinatorial analysis /
_cRichard Bellman and Marshall Hall, editors
260 _aProvidence, R.I :
_bAmerican Mathematical Society,
_c1960.
300 _avi, 311 p. :
_bill. ;
_c26 cm.
490 1 _aProceedings of symposia in applied mathematics ;
_vv.10
500 _aIncludes index
650 0 _aCombinatorial analysis.
_9208019
700 1 _aBellman, Richard,
_d1920-1984
_9153053
700 1 _aHall, Marshall,
_d1910-1990
_9208020
710 2 _aAmerican Mathematical Society.
_9151389
830 0 _aProceedings of symposia in applied mathematics ;
_vv.10
_9208021
942 _2ddc
_cBK
999 _c70241
_d70241